Normal view
MARC view
- Khanna, Dr J.K Vohra, Dr R
Entry Personal Name
001 - CONTROL NUMBER
- control field: 60292
003 - CONTROL NUMBER IDENTIFIER
- control field: NUST
005 - DATE AND TIME OF LATEST TRANSACTION
- control field: 20210628202522.0
008 - FIXED-LENGTH DATA ELEMENTS
- fixed length control field: 210628|| aca||aabn | a|a d
040 ## - CATALOGING SOURCE
- Original cataloging agency: NUST
- Transcribing agency: NUST
100 ## - HEADING--PERSONAL NAME
- Personal name: Khanna, Dr J.K Vohra, Dr R
670 ## - SOURCE DATA FOUND
- Source citation: Work cat.: (NUST): Khanna, Dr J.K Vohra, Dr R, Handbook of library clasification system, 1996
